250 Largest Polish Cities Quiz Stats

 Plays Quiz not verified by Sporcle

Challenge
Share
Tweet
Score 0/250 Timer 20:00
14 Plays Today
% Correct
Gdańsk
95.9%
Warszawa
95.6%
Kraków
94.6%
Gdynia
94.5%
Łódź
94%
Szczecin
94%
Wrocław
93.5%
Poznań
93.5%
Bydgoszcz
93.3%
Katowice
93.2%
Lublin
92.7%
Białystok
92%
Toruń
91.2%
Sopot
89.3%
Olsztyn
89%
Radom
89%
Kielce
88.8%
Częstochowa
88.5%
Opole
88.4%
Koszalin
88.4%
Elbląg
88.1%
Zakopane
88%
Koło
88%
Zielona Góra
87.8%
Gliwice
86.9%
Bielsko-Biała
86.8%
Tarnów
86.7%
Rzeszów
86.5%
Bytom
86.2%
Zabrze
86.2%
Kołobrzeg
86.2%
Gorzów Wielkopolski
85.7%
Suwałki
85.7%
Sosnowiec
85.5%
Słupsk
85.3%
Ełk
85.3%
Jelenia Góra
85.1%
Wałbrzych
84.8%
Chełm
84.5%
Nowy Sącz
84.4%
Świnoujście
84.3%
Płock
84.3%
Chorzów
84.2%
Legnica
84%
Lubin
83.7%
Włocławek
83.6%
Kalisz
83.5%
Przemyśl
83%
Grudziądz
82.4%
Stargard Szczeciński
82.4%
Tychy
82.4%
Inowrocław
82.3%
Piła
82.1%
Konin
81.8%
Zamość
80.6%
Gniezno
80.6%
Wejherowo
80.3%
Pruszków
80%
Malbork
80%
Rybnik
79.8%
Dąbrowa Górnicza
79.7%
Nowy Targ
79.6%
Ruda Śląska
79.6%
Biała Podlaska
79.4%
Siedlce
79.2%
Leszno
79%
Piotrków Trybunalski
78.9%
Police
78.9%
Augustów
78.1%
Łomża
77.9%
Tczew
77.5%
Jawor
77.4%
Bełchatów
77.3%
Oświęcim
77.3%
Tarnobrzeg
77.1%
Starogard Gdański
76.9%
Nysa
76.5%
Stalowa Wola
76.4%
Mielec
76.3%
Żory
76.2%
Ostrów Wielkopolski
75.9%
Pabianice
75.9%
Głogów
75.8%
Iława
75.6%
% Correct
Ostrołęka
75.4%
Jastrzębie-Zdrój
75.2%
Krosno
75.1%
Brzeg
75.1%
Żary
75%
Jaworzno
75%
Tomaszów Mazowiecki
74.4%
Zgierz
74.4%
Puławy
74%
Mysłowice
73.9%
Legionowo
73.7%
Będzin
73.5%
Kędzierzyn-Koźle
73.4%
Siemianowice Śląskie
73.2%
Szczecinek
73.2%
Tarnowskie Góry
73%
Radomsko
72.9%
Ciechanów
72.9%
Zgorzelec
72.9%
Wieliczka
72.8%
Racibórz
72.7%
Wodzisław Śląski
72.5%
Mińsk Mazowiecki
72.5%
Ostrowiec Świętokrzyski
72.3%
Skierniewice
72.3%
Sandomierz
72.2%
Rumia
71.8%
Świdnica
71.7%
Kutno
71.7%
Cieszyn
71.3%
Chojnice
71.1%
Sanok
71.1%
Nowa Sól
70.7%
Zawiercie
70.5%
Starachowice
70.4%
Jarosław
70.3%
Nowy Dwór Mazowiecki
70.3%
Dębica
70.2%
Sieradz
70.1%
Kłodzko
69.9%
Piekary Śląskie
69.5%
Wołomin
69.5%
Skarżysko-Kamienna
69.2%
Bielsk Podlaski
68.4%
Świdnik
68.3%
Piaseczno
68.2%
Żyrardów
67.9%
Otwock
67.8%
Lębork
67.7%
Pruszcz Gdański
67.6%
Wadowice
67.6%
Oława
67.3%
Żagań
67.3%
Giżycko
66.7%
Świętochłowice
66.3%
Bolesławiec
66.2%
Turek
66.1%
Jasło
65.8%
Zduńska Wola
65.7%
Grodzisk Mazowiecki
65.6%
Kwidzyn
65.5%
Mława
65.4%
Żywiec
65.4%
Mrągowo
65.3%
Marki
65.2%
Sochaczew
64.7%
Ząbki
64.6%
Łowicz
64.2%
Bochnia
64.1%
Tomaszów Lubelski
64%
Hrubieszów
63.9%
Bogatynia
63.6%
Śrem
63.4%
Świebodzin
63.3%
Olkusz
63.1%
Kętrzyn
63.1%
Chełmno
63.1%
Polkowice
62.8%
Aleksandrów Łódzki
62.5%
Ostróda
62.5%
Hajnówka
62.2%
Płońsk
61.7%
Reda
61.7%
Kostrzyn nad Odrą
61.6%
% Correct
Dzierżoniów
60.6%
Września
60.6%
Mikołów
60.2%
Opoczno
59.5%
Biłgoraj
59.5%
Oleśnica
59.4%
Pisz
59.4%
Nowa Ruda
59.2%
Chrzanów
59.1%
Kluczbork
59.1%
Świecie
59%
Wieluń
59%
Jarocin
59%
Środa Wielkopolska
58.8%
Andrychów
58.7%
Myślenice
58.7%
Nakło nad Notecią
58.6%
Bartoszyce
58.6%
Swarzędz
58.1%
Gostyń
57.6%
Czechowice-Dziedzice
57.3%
Wałcz
57%
Gryfino
57%
Pszczyna
57%
Pułtusk
57%
Szczytno
56.6%
Knurów
56.6%
Łęczna
56.4%
Myszków
56.3%
Lubliniec
56.3%
Oborniki
56.1%
Szamotuły
56.1%
Kościan
56%
Rawicz
55.8%
Krotoszyn
55.3%
Świebodzice
55.2%
Goleniów
54.8%
Strzelce Opolskie
54.8%
Białogard
54.7%
Kamienna Góra
54.1%
Kęty
53.9%
Luboń
53.8%
Czeladź
53.7%
Józefów
53.4%
Kościerzyna
53.4%
Końskie
53.1%
Bielawa
53%
Łuków
53%
Wyszków
52.8%
Rydułtowy
52.7%
Sokółka
52.7%
Lubań
52.7%
Gostynin
52.5%
Pionki
52.2%
Międzyrzecz
52.2%
Brodnica
52%
Lubartów
51.9%
Sokołów Podlaski
51.7%
Grajewo
51.7%
Prudnik
51.7%
Gorlice
51.5%
Sulejówek
51.5%
Krasnystaw
49.8%
Kraśnik
49.8%
Sierpc
49.7%
Złotów
48.6%
Chodzież
48.4%
Skawina
48.4%
Ostrów Mazowiecka
48.3%
Działdowo
48.1%
Piastów
47.3%
Bieruń
47%
Zambrów
46.9%
Orzesze
46.5%
Trzebinia
44.6%
Wągrowiec
44.5%
Radlin
44.4%
Ozorków
42.3%
Czerwionka-Leszczyny
41.6%
Łaziska Górne
39.4%
Pyskowice
38.6%
Kobyłka
38%

You're not logged in!

Compare scores with friends on all Sporcle quizzes.
OR
Log In

You Might Also Like...

Show Comments

Extras

Created Feb 8, 2017ReportNominate
Tags:250, Europe Cities, map, poland

Top Quizzes Today


Score Distribution

Your Account Isn't Verified!

In order to create a playlist on Sporcle, you need to verify the email address you used during registration. Go to your Sporcle Settings to finish the process.

Report this User

Report this user for behavior that violates our Community Guidelines.

Details: